000 00544nam a2200217Ia 4500
003 OSt
005 20220928144012.0
006 a|||||r|||| 00| 0
007 ta
008 220927b |||||||| |||| 00| 0 eng d
024 _a23465
037 _cTextual
040 _aSDCL
_cSDCL
_beng
041 _2eng
_aeng
082 _aO152,1N5:g, L2
100 _aBrahmar Ravinder
_9506306
245 0 _aSamkaleen Hindi kavita.
260 _c1972
942 _hO152,1N5:g, L2
_cTEXL
_2CC
999 _c825411
_d825411